| 000 | 00788nam a2200253 a 4500 | ||
|---|---|---|---|
| 008 | |||
| 020 | _a0890066000 (cased) | ||
| 049 | _aMAIN | ||
| 090 | _aHD9696.F522 | ||
| 100 | 1 | _aReed, David P. | |
| 245 | 1 | 0 |
_aResidential fiber optic networks : _ban engineering and economic analysis / _cDavid P. Reed. |
| 260 |
_aBoston : _bArtech House, _cc1992. |
||
| 300 |
_axi, 353 p. ; _c23 cm. |
||
| 440 | 4 | _aThe Artech House telecommunications library. | |
| 504 | _aIncludes bibliographical references. | ||
| 500 | _aIncludes index. | ||
| 650 | 0 | _aFiber optics industry. | |
| 650 | 0 | _aMarket surveys. | |
| 907 |
_a.b10010282 _b22-07-03 _c17-04-03 |
||
| 003 | |||
| 005 | 20230123133123.0 | ||
| 040 | _cNUST | ||
| 942 |
_cBOOKS _kHD9696.F522 |
||
| 999 |
_c143080 _d143080 |
||